| 000 | 00902cam a2200241 4500 | ||
|---|---|---|---|
| 001 | WB3702-27 | ||
| 008 | 000000n2001 000 0 eng u | ||
| 035 | _a(Sirsi) u110306 | ||
| 245 | _aMore authority for regional offices | ||
| 260 | _c2001 | ||
| 490 |
_aFarmers Guardian _v5 January 2001, 32(2) |
||
| 520 | _aCLA president outlines changes within the association which include the new Country Land and Business Association name, and a drive to strengthen regional staff networks with more rural practice surveyors. CLA views on the right to roam, hunting and the rural white paper are also presented. | ||
| 590 | _aWB | ||
| 650 | _aFARMING | ||
| 650 | _aHUNTING | ||
| 650 | _aCOUNTRYSIDE AND RIGHTS OF WAY BILL | ||
| 650 | _aRIGHT TO ROAM | ||
| 650 | _aCOUNTRY LAND AND BUSINESS ASSOCIATION | ||
| 650 | _aCLA | ||
| 650 | _aRURAL WHITE PAPER | ||
| 690 |
_aRural _96268 |
||
| 942 | _n0 | ||
| 999 |
_c65781 _d65781 |
||